Regional planning guidance for Yorkshire and the Humber (RPG12) (Record no. 101777)
[ view plain ]
| 000 -LEADER | |
|---|---|
| fixed length control field | 01183cam a2200301 4500 |
| 008 - FIXED-LENGTH DATA ELEMENTS--GENERAL INFORMATION | |
| fixed length control field | 011116n2001 000 0 eng u |
| 020 ## - INTERNATIONAL STANDARD BOOK NUMBER | |
| International Standard Book Number | 0117536180 |
| 035 ## - SYSTEM CONTROL NUMBER | |
| System control number | (Sirsi) u115621 |
| 050 ## - LIBRARY OF CONGRESS CALL NUMBER | |
| Classification number | 711.309428 |
| 110 ## - MAIN ENTRY--CORPORATE NAME | |
| Corporate name or jurisdiction name as entry element | Government Office for Yorkshire and the Humber |
| 9 (RLIN) | 1897 |
| 245 ## - TITLE STATEMENT | |
| Title | Regional planning guidance for Yorkshire and the Humber (RPG12) |
| 260 ## - PUBLICATION, DISTRIBUTION, ETC. | |
| Place of publication, distribution, etc. | London |
| Name of publisher, distributor, etc. | Stationery Office |
| Date of publication, distribution, etc. | 2001 |
| 300 ## - PHYSICAL DESCRIPTION | |
| Extent | 165p. |
| Other physical details | ill |
| Dimensions | 2001 |
| 350 ## - PRICE (NR) (BK AM CF MU VM SE) [OBSOLETE] | |
| Price | 22.00 |
| 490 ## - SERIES STATEMENT | |
| Series statement | RPG |
| Volume/sequential designation | 12 |
| 520 ## - SUMMARY, ETC. | |
| Summary, etc. | Sets out the regional planning strategy for Yorkshire and Humberside, providing a framework for the preparation of local authority development and transport plans. View RPG12 at www.goyh.gov.uk. |
| 520 ## - SUMMARY, ETC. | |
| Summary, etc. | Supersedes 1996 edition (ISBN 0117531928). |
| 650 ## - SUBJECT ADDED ENTRY--TOPICAL TERM | |
| Topical term or geographic name entry element | HUMBER |
| 650 ## - SUBJECT ADDED ENTRY--TOPICAL TERM | |
| Topical term or geographic name entry element | HUMBERSIDE |
| 650 ## - SUBJECT ADDED ENTRY--TOPICAL TERM | |
| Topical term or geographic name entry element | PLANNING GUIDANCE |
| 650 ## - SUBJECT ADDED ENTRY--TOPICAL TERM | |
| Topical term or geographic name entry element | PLANNING GUIDELINES |
| 650 ## - SUBJECT ADDED ENTRY--TOPICAL TERM | |
| Topical term or geographic name entry element | REGIONAL PLANNING GUIDANCE |
| 650 ## - SUBJECT ADDED ENTRY--TOPICAL TERM | |
| Topical term or geographic name entry element | RPG12 |
| 650 ## - SUBJECT ADDED ENTRY--TOPICAL TERM | |
| Topical term or geographic name entry element | YORKSHIRE |
| 690 ## - LOCAL SUBJECT ADDED ENTRY--TOPICAL TERM (OCLC, RLIN) | |
| Topical term or geographic name as entry element | ENVIRONMENTAL AND LAND CONSULTANCY-PLANNING AND DEVELOPMENT |
| 856 ## - ELECTRONIC LOCATION AND ACCESS | |
| Uniform Resource Identifier | <a href="https://www.goyh.gov.uk/rpg/revisedrpg.htm">https://www.goyh.gov.uk/rpg/revisedrpg.htm</a> |
| Public note | View RPG12 on the Government Office for Yorkshire and the Humber website... |
| 942 ## - ADDED ENTRY ELEMENTS (KOHA) | |
| Suppress in OPAC | 0 |
| Withdrawn status | Lost status | Source of classification or shelving scheme | Damaged status | Not for loan | Home library | Current library | Shelving location | Date acquired | Cost, normal purchase price | Total Checkouts | Full call number | Barcode | Date last seen | Copy number | Cost, replacement price | Price effective from | Koha item type |
|---|---|---|---|---|---|---|---|---|---|---|---|---|---|---|---|---|---|
| Dewey Decimal Classification | London | London | Enquiry desk | 11/02/2002 | 15.29 | BOXED SET | 30065345 | 06/08/2019 | 1 | 15.29 | 06/08/2019 | Reference material | |||||
| Dewey Decimal Classification | London | London | Enquiry desk | 11/03/2002 | 19.80 | BOXED SET | 30065499 | 06/08/2019 | 2 | 19.80 | 06/08/2019 | Book | |||||
| Dewey Decimal Classification | Virtual | Virtual | Online | 16/09/2003 | ONLINE PUBLICATION | 115621-2001 | 06/08/2019 | 1 | 06/08/2019 | Book |